Strange - Celeste - All Lyrics - Statistics

General Stats
  • This quiz has been taken 44 times
  • The average score is 139 of 181
Answer Stats
Answer % Correct
I
100%
It
96%
it
96%
isn't
92%
Isn’t
92%
Isn't
92%
strange?
92%
to
92%
you
92%
You
92%
and
88%
can
88%
change
88%
friends
88%
Friends
88%
from
88%
How
88%
In
88%
into
88%
me
88%
people
88%
strangers
88%
the
88%
again
84%
lovers
84%
do?
80%
who
80%
your
80%
But
76%
could
76%
could,
76%
for
76%
my
76%
What
76%
at
72%
head
72%
now
72%
Say
72%
say
72%
am
68%
are
68%
can't
68%
I'd
68%
If
68%
see
68%
still
68%
this
68%
try
68%
we
68%
did
64%
look
64%
place
64%
same
64%
Then
64%
all
60%
nothing
60%
one
60%
touch
60%
tried
60%
Tried
60%
With
60%
wouldn't
60%
more
56%
our
56%
pull
56%
through
56%
when
56%
Back
52%
hand
52%
move
52%
thoughts
52%
smoke
48%
That
48%
lose?
44%
over
44%
dance
40%
dirt
40%
insides
40%
room
40%
roots
40%
silence
40%
strings
40%
turns
40%
Stops
36%
whispers
36%
stand
32%
violent
32%
bedside
28%
disclosure
28%
steals
28%
No matching quizzes found
Score Distribution
Percent of People with Each Score
Percentile by Number Answered
Your Score History
You have not taken this quiz